le kouize de la muerta - Statistiques

Statistiques générales
  • Ce quiz a été pris 16 fois
  • Le résultat moyen est 7 sur 15
Statistiques - réponses
Question Réponse % Correct
comment s'appelle le premier album de vianney ? idées blanches
88%
combien coûte le livre de charles bebou de linguistic ? 25 euros et des patates
69%
est ce que ce splendide kouize t'a plu ? apagnan
63%
quelle est la couleur dite salo ? (j'ai passé dix minutes à trouver la bonne teinte, salo disait "non c'est plus ça... non moins comme ça")
50%
combien de citations de maëlle se trouvent dans mon téléphone à ce jour ? quatre vingt seize
50%
comment s'appellent les parents de taytay ? scott swift & andrea finlay
50%
quel est mon troisième prénom ? y'en a pas mes parents ont eu la flemme
50%
quel est le sport que je n'ai PAS pratiqué dans ma folle jeunesse ? hockey sur gazon
44%
qui t'a offert ton jeu du loup garou lors de la soirée #lolatotalementarrachée ? jeanne et elouan juste avant de fuir la soirée catastrophe
44%
trouves la correcte citation "la vitre n'a exprimé aucune résistance"
44%
quelle adresse email n'existe pas ? (liste de mes potentielles adresses) nonolenain49@gmail.com
44%
quel est le nom du premier animal de compagnie de nono le nain rusé ? (c'était un cochon d'inde) cacahuète
38%
qui gagne dans un fight ? mathilde oubviously
31%
est ce que gab bebou a été bénévole dans un festoche à LA ? oui, en 2014, lorsqu'on suçait encore notre pouce
31%
comment s'appelle le nora's bro ? rayann
31%
Aucun quiz correspondant
Distribution des résultats
% des personnes avec chaque résultat
Percentile par nombre de réponses
Votre historique - résultats
Vous n’avez pas pris ce quiz